logo

Bir Sreshtho Munshi Abdur Rouf Library
Jhenaidah Cadet College

ইসলামের দৃষ্টিতে নারী / (Record no. 10347)

MARC details
000 -LEADER
fixed length control field 00959nam a2200241 a 4500
001 - CONTROL NUMBER
JCCL Control Number 10347
003 - CONTROL NUMBER IDENTIFIER
JCCL marc code BD-JhCC
005 - DATE AND TIME OF LATEST TRANSACTION
control field 20180724134014.0
008 - FIXED-LENGTH DATA ELEMENTS--GENERAL INFORMATION
fixed length control field 180424s19962002bg |||| ||a| 000 0 ben d
020 ## - INTERNATIONAL STANDARD BOOK NUMBER
International Standard Book Number 9848203028
035 ## - SYSTEM CONTROL NUMBER
system control number (BD-JhCC)10347
040 ## - CATALOGING SOURCE
Original cataloging agency BD-JhCC
Modifying agency BD-JhCC
041 ## - LANGUAGE CODE
Language code of Book ben
082 ## - DEWEY DECIMAL CLASSIFICATION NUMBER
Classification number 305.40917671
Author mark and Year LEM 1996
100 ## - MAIN ENTRY--PERSONAL NAME
Personal name লেমু, বি. আইশা
245 ## - TITLE STATEMENT
Title ইসলামের দৃষ্টিতে নারী /
Statement of responsibility, etc বি. আইশা লেমু; ফাতিমা হীরেন; ড. মোহাম্মদ আনিসুজ্জামান (অনুবাদ)
260 ## - PUBLICATION, DISTRIBUTION, ETC. (IMPRINT)
Place of publication, distribution, etc ঢাকা :
Name of publisher, distributor, etc বাংলাদেশ ইনস্টিটিউট অব ইমলামিক থ্যট (বিআইআইটি),
Date of publication, distribution, etc 1996.
300 ## - PHYSICAL DESCRIPTION
Pagination 245 p. :
Dimensions 22 cm.
650 ## - SUBJECT ADDED ENTRY--TOPICAL TERM
Topical term or geographic name as entry element Women in Islam
700 ## - ADDED ENTRY--PERSONAL NAME
Personal name হীরেন, ফাতিমা
942 ## - ADDED ENTRY ELEMENTS (KOHA)
Source of classification or shelving scheme Dewey Decimal Classification
Koha item type Books
Koha issues (borrowed), all copies 1
Holdings
Source of classification or shelving scheme Damaged status Not for loan Home library Current library Shelving location Date of accession Cost, normal purchase price Total Checkouts Full call number Barcode Date last seen Copy number Koha item type Date checked out
Dewey Decimal Classification     JCC Rouf Library JCC Rouf Library General Stacks 04/24/2018 50.00   305.48697 LEM 1996 13564 04/24/2018 C-1 Books  
Dewey Decimal Classification     JCC Rouf Library JCC Rouf Library General Stacks 04/24/2018 50.00 1 305.48697 LEM 1996 13563 09/18/2018 C-2 Books 07/24/2018

JCC Library | Contacts | JCC Home

Last Update on 23 September 2017
Copyright @ 2017-2020 JCC Rouf Library
Rouf Library, Jhenidah Cadet College (JCC), Bangladesh